Hướng dẫn công nghệ và sử dụng thiết bị tưới cho rau, hoa
Khái quát về nhu cầu nước của cây trồng, các thành phần chính của hệ thống tưới tiết kiệm, thiết kế, lắp đặt hệ thống tưới tiết kiệm,...
Gorde:
| Erakunde egilea: | |
|---|---|
| Formatua: | Liburua |
| Hizkuntza: | Undetermined |
| Argitaratua: |
Hà Nội
Nông nghiệp
2018
|
| Gaiak: | |
| Etiketak: |
Etiketa erantsi
Etiketarik gabe, Izan zaitez lehena erregistro honi etiketa jartzen!
|
| Thư viện lưu trữ: | Trung tâm Học liệu Trường Đại học Cần Thơ |
|---|
| LEADER | 00953nam a2200205Ia 4500 | ||
|---|---|---|---|
| 001 | CTU_228397 | ||
| 008 | 210402s9999 xx 000 0 und d | ||
| 082 | |a 631.587 | ||
| 082 | |b H452 | ||
| 110 | |a Hội Cơ khí Nông nghiệp Việt Nam | ||
| 245 | 0 | |a Hướng dẫn công nghệ và sử dụng thiết bị tưới cho rau, hoa | |
| 245 | 0 | |c Hội Cơ khí Nông nghiệp Việt Nam | |
| 260 | |a Hà Nội | ||
| 260 | |b Nông nghiệp | ||
| 260 | |c 2018 | ||
| 520 | |a Khái quát về nhu cầu nước của cây trồng, các thành phần chính của hệ thống tưới tiết kiệm, thiết kế, lắp đặt hệ thống tưới tiết kiệm,... | ||
| 650 | |a Máy bơm,Pumping machinery | ||
| 650 | |x Thiết kế và xây dựng,Design and construction | ||
| 910 | |b nthai | ||
| 980 | |a Trung tâm Học liệu Trường Đại học Cần Thơ | ||